00672 2200229 4500001002100000005001500021035002000036245004600056100001900102250001200121300003000133856001900163700002200182260006800204082001600272008004100288020002200329650002600351650002600377084002200403990001700425INLIS00000000000005720250711042432 a0010-07250000571 aMatahari Mandi di Sungai /cNa Khamheuang0 aKhamheuang, Na apertama a20hlm. :bilus. ;c22,9cm aTBM AS-SYUHADA0 aNivong Sengsakoun aJakarta Timur :bBadan Pengembangan dan Pembinaan Bahasa,c2022 a398.209 598250711 a 0 ind  a978-623-472-306-9 4aCERITA ANAK-INDONESIA 4aLITERASI-BAHAN BACAAN a398.209 598 KHA m aTBM202500043